Richest Asian Cities by Decade (1960-2050) - Statistics

General Stats
  • This quiz has been taken 49 times
  • The average score is 82 of 94
Answer Stats
Year Rank GDP Answer % Correct
5. 518.62B Beijing
100%
4. 939B Beijing
100%
3. 2.07T Beijing
100%
3. 3.2T Beijing
100%
2. 6.28B Osaka
100%
2. 27.31B Osaka
100%
2. 102.56B Osaka
100%
2. 399.89B Osaka
100%
2. 703.81B Osaka
100%
2. 925.79B Osaka
100%
3. 830.69B Osaka
100%
5. 824.87B Osaka
100%
1960 1. 13.29B Tokyo
100%
1970 1. 46.87B Tokyo
100%
1980 1. 186.55B Tokyo
100%
1990 1. 1.12T Tokyo
100%
2000 1. 2.39T Tokyo
100%
2010 1. 2.75T Tokyo
100%
2020 1. 2.47T Tokyo
100%
2030 1. 2.45T Tokyo
100%
2040 1. 2.98T Tokyo
100%
2. 3.4T Tokyo
100%
8. 3.19B Delhi
98%
10. 5.55B Delhi
98%
10. 1.18T Delhi
98%
10. 1.96T Delhi
98%
7. 3.25B Mumbai
98%
9. 5.66B Mumbai
98%
10. 601.4B Mumbai
98%
8. 1.2T Mumbai
98%
8. 1.99T Mumbai
98%
6. 34.59B Seoul
98%
4. 145.12B Seoul
98%
4. 292.99B Seoul
98%
3. 572.22B Seoul
98%
2. 866.34B Seoul
98%
2. 1.17T Seoul
98%
4. 1.16T Seoul
98%
9. 1.97T Seoul
98%
10. 216.62B Shanghai
98%
4. 556.53B Shanghai
98%
3. 1.01T Shanghai
98%
2. 2.22T Shanghai
98%
2050 1. 3.44T Shanghai
98%
9. 29.01B Hong Kong
93%
7. 75.39B Hong Kong
93%
7. 170.32B Hong Kong
93%
9. 224.74B Hong Kong
93%
8. 359.64B Guangzhou
91%
8. 651.15B Guangzhou
91%
6. 1.44T Guangzhou
91%
5. 2.22T Guangzhou
91%
7. 2.01T Jakarta
89%
6. 86.52B Taipei
89%
6. 171.23B Taipei
89%
6. 226.86B Taipei
89%
9. 356.97B Taipei
89%
9. 3.02B Manila
87%
8. 93.85B Singapore
87%
5. 227.6B Singapore
87%
10. 352.41B Singapore
87%
7. 674.3B Singapore
87%
4. 42.65B Tehran
87%
8. 55.8B Tehran
87%
6. 3.34B Nagoya
84%
3. 17.26B Nagoya
84%
3. 85.67B Nagoya
84%
3. 238.94B Nagoya
84%
3. 368.6B Nagoya
84%
4. 424.42B Nagoya
84%
7. 380.83B Nagoya
84%
10. 2.3B Istanbul
80%
10. 82.14B Istanbul
80%
8. 225.82B Istanbul
80%
7. 31.3B Riyadh
80%
5. 3.77B Karachi
76%
4. 9.02B Karachi
76%
5. 113.37B Fukuoka/Sapporo
73%
3. 4.77B Kolkata
73%
8. 5.87B Kolkata
73%
9. 84.09B Busan
71%
9. 618.61B Chongqing
71%
7. 1.36T Chongqing
71%
6. 2.11T Chongqing
71%
6. 6.49B Tel Aviv
69%
8. 29.17B Tel Aviv
69%
9. 52.09B Tel Aviv
69%
10. 46.64B Sapporo
67%
5. 8.19B Fukuoka/Kitakyushu
53%
5. 40.64B Fukuoka/Kitakyushu
53%
5. 174.9B Fukuoka/Kitakyushu
53%
10. 28.4B Kuwait City
29%
4. 3.91B Astana
11%
7. 6B Astana
11%
No matching quizzes found
Score Distribution
Percent of People with Each Score
Percentile by Number Answered
Your Score History
You have not taken this quiz